Score 0/116 Timer 10:00
0 Plays Today
Answer % Correct
the
80%
The
80%
and
80%
I
80%
the
80%
the
80%
the
80%
I
80%
a
80%
And
80%
I
80%
the
80%
And
80%
I
80%
the
80%
And
80%
I
80%
the
80%
And
80%
I
80%
and
80%
and
80%
I
80%
The
80%
not
60%
then
60%
her
60%
no
60%
on
60%
her
60%
knees,
60%
Her
60%
hands.
60%
Lately,
40%
I've
40%
become
40%
accustomed
40%
to
40%
way
40%
Answer % Correct
ground
40%
opens
40%
up
40%
envelopes
40%
me
40%
Each
40%
time
40%
go
40%
out
40%
to
40%
walk
40%
dog.
40%
Or
40%
broad
40%
edged
40%
silly
40%
music
40%
wind
40%
Makes
40%
when
40%
run
40%
for
40%
bus . . .
40%
Things
40%
have
40%
come
40%
to
40%
that.
40%
now,
40%
each
40%
night
40%
count
40%
stars,
40%
each
40%
night
40%
get
40%
same
40%
number.
40%
when
40%
Answer % Correct
they
40%
will
40%
come
40%
to
40%
be
40%
counted,
40%
count
40%
holes
40%
they
40%
leave.
40%
Nobody
40%
sings
40%
anymore.
40%
last
40%
night,
40%
tiptoed
40%
up
40%
To
40%
my
40%
daughter's
40%
room
40%
heard
40%
Talking
40%
to
40%
someone,
40%
when
40%
opened
40%
door,
40%
there
40%
was
40%
one
40%
there . . .
40%
Only
40%
she
40%
peeking
40%
into
40%
own
40%
clasped
40%

You're not logged in!

Compare scores with friends on all Sporcle quizzes.
OR
Log In

Sporcle TV

Today on Sporcle TV


Watch our educational content, quiz creation guides, and fun videos on Sporcle TV.

Show Comments

Extras

Top Quizzes Today


Score Distribution

Paid Content

Your Account Isn't Verified!

In order to create a playlist on Sporcle, you need to verify the email address you used during registration. Go to your Sporcle Settings to finish the process.

Report this User

Report this user for behavior that violates our Community Guidelines.

Details: